Bālacanda battīsī. (Record no. 65868)
[ view plain ]
| 000 -LEADER | |
|---|---|
| fixed length control field | 00779cam a22002531 4500 |
| 001 - CONTROL NUMBER | |
| control field | sa 65008795 |
| 003 - CONTROL NUMBER IDENTIFIER | |
| control field | DLC |
| 005 - DATE AND TIME OF LATEST TRANSACTION | |
| control field | 20260227112157.0 |
| 008 - FIXED-LENGTH DATA ELEMENTS--GENERAL INFORMATION | |
| fixed length control field | 890707s1965 ii h b 000 0 hino |
| 010 ## - LIBRARY OF CONGRESS CONTROL NUMBER | |
| LC control number | sa 65008795 |
| 035 ## - SYSTEM CONTROL NUMBER | |
| System control number | (OCoLC)19983014 |
| 040 ## - CATALOGING SOURCE | |
| Original cataloging agency | DLC |
| Transcribing agency | WaU |
| Modifying agency | NRU |
| -- | DLC |
| 042 ## - AUTHENTICATION CODE | |
| Authentication code | premarc |
| 050 00 - LIBRARY OF CONGRESS CALL NUMBER | |
| Classification number | PK2069.B3 |
| Item number | B3 1965 |
| 100 0# - MAIN ENTRY--PERSONAL NAME | |
| Personal name | Bālacanda, |
| Titles and words associated with a name | Muni, |
| Dates associated with a name | active 17th century. |
| 245 10 - TITLE STATEMENT | |
| Title | Bālacanda battīsī. |
| Statement of responsibility, etc. | Sampādaka Harimohana Mālavīya. |
| 250 ## - EDITION STATEMENT | |
| Edition statement | [1. saṃskaraṇa] |
| 260 ## - PUBLICATION, DISTRIBUTION, ETC. | |
| Place of publication, distribution, etc. | Prayāga, Hindī Sāhitya Sammelana |
| Date of publication, distribution, etc. | [1965] |
| 300 ## - PHYSICAL DESCRIPTION | |
| Extent | 81 p. |
| Other physical details | facsims. |
| Dimensions | 19 cm. |
| 440 #0 - SERIES STATEMENT/ADDED ENTRY--TITLE | |
| Title | Sammelana-ākaragranthamālā ; |
| Volume/sequential designation | granthāṅka 2 |
| 500 ## - GENERAL NOTE | |
| General note | In Hindi. |
| 504 ## - BIBLIOGRAPHY, ETC. NOTE | |
| Bibliography, etc. note | Bibliography: p. [80]-81. |
| 700 1# - ADDED ENTRY--PERSONAL NAME | |
| Personal name | Mālavīya, Harimohana, |
| Dates associated with a name | 1933- |
No items available.